• 首页
  • 本馆介绍
  • 公告通知
  • 最新文献
  • 馆藏检索
  • 电子资源
  • 读者导购
  • 参考咨询
  • 我的图书馆
  • 登录
  • 详细信息显示
  • 放入我的书架
  • 预约/预借图书
  • 作者相关作品
  • 分类相关作品
  • 丛书相关作品
  • 出版社相关作品

书目信息

  • 表格格式
  • 工作单格式
  • 卡片格式
题名:
民事诉讼法原理
    
 
作者: 田平安 主编
分册:  
出版信息: 厦门   厦门大学出版社  2004
页数: 508页
开本: 25cm
丛书名: 21世纪民事诉讼法学前沿系列
单 册:
中图分类: D915.2
科图分类:
主题词: 民事诉讼法--概论--中国
电子资源:
ISBN: 7-5615-2252-5
000 00820oam2 2200241 45
001 002735281
005 20050601152206.2
010    @a7-5615-2252-5@dCNY48.00
100    @a20040802d2004 em y0chiy0110 ea
101 0  @achi@eeng
102    @aCN@b350000
105    @ay z 000yy
200 1  @a民事诉讼法原理@Amin shi su song fa yuan li@f田平安主编@FTian Ping An Zhu Bian
210    @a厦门@c厦门大学出版社@d2004
215    @a508页@d25cm
225 2  @a21世纪民事诉讼法学前沿系列
330    @a全书分为程序主体,程序架构,原则与制度,诉讼证据,程序进程,非讼程序,执行程序以及涉港、澳、台及涉外民事诉讼程序八编内容。
410    @12001 @a21世纪民事诉讼法学前沿系列
606 0  @a民事诉讼法@x概论@y中国
690    @aD915.2@v4
701  0 @a田平安@4主编
801  0 @aCN@bNLC@c20041109
905    @f5@b355123-127@dD915.2@e220
    
    民事诉讼法原理/田平安主编.-厦门:厦门大学出版社,2004
    508页;25cm.-(21世纪民事诉讼法学前沿系列)
    
    
    ISBN 7-5615-2252-5:CNY48.00
    全书分为程序主体,程序架构,原则与制度,诉讼证据,程序进程,非讼程序,执行程序以及涉港、澳、台及涉外民事诉讼程序八编内容。
●
相关链接 在E读中查询图书 在五车中查询图书 在当当中查询图书 在豆瓣中查询图书


正题名:民事诉讼法原理     索取号:D915.2/220         预约/预借

序号 登录号 条形码 馆藏地/架位号 状态 备注
1 0355123   3551230   第一样本阅览室/ [索取号:D915.2/220] 在馆    
2 0355124   3551249   第一借阅区/ [索取号:D915.2/220] 在馆    
3 0355125   3551258   第一借阅区/ [索取号:D915.2/220] 在馆    
4 0355126   3551267   第一借阅区/ [索取号:D915.2/220] 在馆    
5 0355127   3551276   第一借阅区/ [索取号:D915.2/220] 在馆    
6 1052463   210524636   第一借阅区/ [索取号:D915.2/220] 在馆    
唐山师范学院图书馆 欢迎您!
大连网信软件有限公司© 版权所有